000 00988nam a2200289Ia 4500
001 H5700
003 IT-RoPAU
008 130308s9999 xx 000 0 und d
040 _aIT-RoPAU
040 _cIT-RoPAU
041 _aITALIANO
100 _aSaba Cosetta G.
100 _gCodice Aut. SPICS: 53830
245 _aSguardo tecnomorfo del cinema: l'irrealtà come effetto di senso (Lo)
245 _bScience Plus Fiction. La Fantascienza tra Antiche visioni e nuove Tecnologie
250 _a1a ed.
260 _aTORINO
260 _bLindau
260 _c2001 [1° Ed.:2001 - Ed.Ling.Originale:2001]
300 _a"18 p. (prefazione: no ; testo: 18 [pagine: 59-76])"
500 _aTecnologie, Fotorealismi e Verità. mondi Possibili Impossibili. Come le teorie Pensano le Tecniche. La Realtà Profilmica Come Effetto di Senso. Tecnica Tekhne.
650 _aGENERI CINEMATOGRAFICI
650 _eCodice materia Spics: 6810
942 _cBK
957 _71
999 _c83717
_d83717
999 _g1